| 000 | 00960nam a22002417a 4500 | ||
|---|---|---|---|
| 008 | 090114t xxu||||| |||| 00| 0 eng d | ||
| 010 | _aENG-92491 | ||
| 020 |
_a8185753776 _c495.00 |
||
| 035 | _aEN-76024 | ||
| 037 | _bDBAD / PUB | ||
| 040 |
_adpl _bEnglish |
||
| 082 | _a882.08 | ||
| 245 |
_aWole Soyinka: _ban anthology of recent criticism / _cedited by Anjali Gera Roy |
||
| 260 |
_aNew Delhi _bPencraft International _c2006 |
||
| 270 |
_a4362/3, Ansari Road, Daryaganj, _bNew Delhi _e110002 |
||
| 300 |
_a271p. _c23cm (Hb) |
||
| 500 | _aIncludes bibliographical references and index | ||
| 600 |
_aSoyinka, Wole _xCriticism and interpretation. |
||
| 651 |
_aNigeria _xIn literature. |
||
| 700 | _aRoy, Anjali Gera | ||
| 942 |
_2ddc _cEN _mWOL _h882.08 |
||
| 999 |
_c20962 _d20962 |
||